书目信息 |
| 题名: |
中国农村统计年鉴
|
|
| 作者: | ;国家统计局农村社会经济统计司 编 | |
| 分册: | 1986 | |
| 出版信息: | 北京 中国统计出版社 1987 |
|
| 页数: | 321页 | |
| 开本: | 20cm | |
| 丛书名: | ||
| 单 册: | ||
| 中图分类: | F322 | |
| 科图分类: | ||
| 主题词: | 农村-统计资料--中国--1986--年鉴 , 统计资料-农村--中国--1986--年鉴 , 农业经济--中国 | |
| 电子资源: | ||
| ISBN: | ||
| 000 | 00830nam0 2200265 45 | |
| 001 | 0187002719 | |
| 005 | 20040429102144.1 | |
| 010 | @dCNY3.20 | |
| 091 | @a4006.132 | |
| 100 | @a19900808d1987 kemy0chiy0121 ea | |
| 101 | 0 | @achi |
| 102 | @aCN@b110000 | |
| 105 | @af i 000yy | |
| 106 | @ar | |
| 200 | 10 | @a中国农村统计年鉴@Azhong guo nong cun tong ji nian jian@h1986@f国家统计局农村社会经济统计司编 |
| 210 | @a北京@c中国统计出版社@d1987 | |
| 215 | @a321页@c表@d20cm | |
| 606 | @a农村-统计资料@y中国@z1986@x年鉴 | |
| 606 | @a统计资料-农村@y中国@z1986@x年鉴 | |
| 606 | 0 | @a农业经济@x中国 |
| 690 | @aF322 | |
| 711 | 02 | @a国家统计局农村社会经济统计司@Aguo jia tong ji ju nong cun she hui jing ji tong ji si@4编 |
| 801 | 0 | @aCN@b深圳图书馆@c20040429 |
| 801 | 2 | @aCN@bNLC@c20040429 |
| 905 | @f1@b203547@dF322@e17:(1986) | |
| 中国农村统计年鉴.1986/国家统计局农村社会经济统计司编.-北京:中国统计出版社,1987 |
| 321页:表;20cm |
| ISBN :CNY3.20 |
| ● |
| 相关链接 |
|
|
|
|
正题名:中国农村统计年鉴
索取号:F322/17:(1986)
 
预约/预借
| 序号 | 登录号 | 条形码 | 馆藏地/架位号 | 状态 | 备注 |
| 1 | 0203547 | 000212512 | 第一借阅区/ [索取号:F322/17:(1986)] | 在馆 | |
| 2 | 0203548 | 000212567 | 第一样本阅览室/ [索取号:F322/17:(1986)] | 在馆 |